00290pab a2200121 454500008004000000100002000040245004100060260000900101300001200110362000800122650001400130773002400144180718b2000 xxu||||| |||| 00| 0 eng d aChandra, Satish aEducation - challenges and prospects c2000 ap.30-36 aDec aEducation aMan and Development